| 000 | 00480nam a2200181 a 4500 | ||
|---|---|---|---|
| 001 | 000034336 | ||
| 005 | 20200930073638.0 | ||
| 008 | 111003s2001 es 000 0 spa d | ||
| 020 | _a8408042149 | ||
| 040 |
_aDO-SdBNP _bspa _cBNPHU |
||
| 100 | 1 |
_aRegàs, Rosa, _d1933- _925576 |
|
| 245 | 1 | 3 |
_aLa canción de Dorotea / _cRosa Regàs. |
| 250 | _a6a ed. | ||
| 260 |
_aBarcelona : _bPlaneta, _c2001. |
||
| 300 |
_a301 p. ; _c23 cm. |
||
| 586 | _aPremio planeta 2001 | ||
| 049 | _aBNPD | ||
| 999 |
_c33827 _d33827 |
||